| 000 | 00605nam a2200181Ia 4500 | ||
|---|---|---|---|
| 008 | 090124s9999 xx 000 0 und d | ||
| 082 | _b42689 | ||
| 100 | _aकामत विठ्ठल | ||
| 245 | _a इडली ऑर्किड आणि मी | ||
| 250 | _a6 | ||
| 260 |
_bमॅजेस्टिक प्रकाशन _c2004 |
||
| 300 | _a195 | ||
| 600 | _aकामत विठ्ठल | ||
| 630 | _a इडली ऑर्किड आणि मी | ||
| 700 | _aकामत विठ्ठल | ||
| 730 | _a इडली ऑर्किड आणि मी | ||
| 942 | _cBOOK | ||
| 999 |
_c108875 _d108875 |
||